LEADER 01486nam2 2200373 450 001 990003548070203316 005 20110707125547.0 010 $a978-3-11-023197-7 035 $a000354807 035 $aUSA01000354807 035 $a(ALEPH)000354807USA01 035 $a000354807 100 $a20110707d2010----km-y0itay50------ba 101 $amul 102 $aDE 105 $a||||||||001yy 200 1 $a<<3:>> Section 7: Sémantique paradigmatique, syntagmatique et cognitive; phraséologie/collocations$eSection 8: Onomastique (toponymie et anthroponymie)$eSection 9: Constitution de la norme dans les langues romanes$fCongres International de Linguistique et de Philologie Romanes$gediteurs: Maria Iliescu, Heidi Siller-Runggaldier, Paul Danler 210 $aBerlin$cDe Gruyter$d2010 215 $aXIII, 800 p.$cill.$d25 cm 461 1$1001000354790$12001 606 0 $aFilologia romanza$xAtti di Congressi$2BNCF 676 $a440.9 702 1$aILIESCU,$bMaria 702 1$aSILLER-RUNGGALDIER,$bHeidi 702 1$aDANLER,$bPaul 710 12$aCongrés International de Linguistique et de Philologie Romanes 25. <2007 ; Innsbruck>$0513031 801 0$aIT$bsalbc$gISBD 912 $a990003548070203316 951 $aVI.1.B. 280 3$b5723 L.G.$cVI.1.B.$d00297878 959 $aBK 969 $aUMA 979 $aMARTUCCIEL$b90$c20110707$lUSA01$h1255 996 $aSection 7: Sémantique paradigmatique, syntagmatique et cognitive; phraséologie$91116788 997 $aUNISA LEADER 02025nam0 22004813i 450 001 VAN0268351 005 20240319122217.184 017 70$2N$a9781475759273 100 $a20231204d1980 |0itac50 ba 101 $aeng 102 $aUS 105 $a|||| ||||| 200 1 $aMultiplicative Number Theory$fHarold Davenport 205 $a2. ed 210 $aNew York$cSpringer$d1980 215 $axiii, 177 p.$cill.$d24 cm 410 1$1001VAN0023579$12001 $aGraduate texts in mathematics$1210 $aNew York [etc.]$cSpringer$v74 606 $a11-XX$xNumber theory [MSC 2020]$3VANC019688$2MF 606 $a11Nxx$xMultiplicative number theory [MSC 2020]$3VANC020461$2MF 606 $a11N35$xSieves [MSC 2020]$3VANC020784$2MF 606 $a11Mxx$xZeta and L-functions: analitic theory [MSC 2020]$3VANC021784$2MF 606 $a11Lxx$xExponential sums and character sums [MSC 2020]$3VANC021897$2MF 606 $a11P32$xGoldbach-type theorems; other additive questions involving primes [MSC 2020]$3VANC037724$2MF 610 $aArithmetic$9KW:K 610 $aBoundary Element Methods$9KW:K 610 $aMultiplicative number theory$9KW:K 610 $aNumber theory$9KW:K 610 $aPrime$9KW:K 610 $aPrime numbers$9KW:K 610 $aProofs$9KW:K 610 $aSieve$9KW:K 610 $aTime$9KW:K 620 $aUS$dNew York$3VANL000011 700 1$aDavenport$bHarold$3VANV019813$054785 712 $aSpringer $3VANV108073$4650 801 $aIT$bSOL$c20240614$gRICA 856 4 $uhttps://doi.org/10.1007/978-1-4757-5927-3$zE-book ? Accesso al full-text attraverso riconoscimento IP di Ateneo, proxy e/o Shibboleth 899 $aBIBLIOTECA DEL DIPARTIMENTO DI MATEMATICA E FISICA$1IT-CE0120$2VAN08 912 $fN 912 $aVAN0268351 950 $aBIBLIOTECA DEL DIPARTIMENTO DI MATEMATICA E FISICA$d08CONS e-book 7491 $e08eMF7491 20231211 996 $aMultiplicative number theory$9344736 997 $aUNICAMPANIA